The war of the three gods : (Record no. 56387)

MARC details
000 -LEADER
fixed length control field 01366nam a22001937a 4500
008 - FIXED-LENGTH DATA ELEMENTS--GENERAL INFORMATION
fixed length control field 210624b ||||| |||| 00| 0 eng d
020 ## - INTERNATIONAL STANDARD BOOK NUMBER
International Standard Book Number 9781848846128 (hbk.)
020 ## - INTERNATIONAL STANDARD BOOK NUMBER
International Standard Book Number 1848846126 (hbk.)
050 ## - LIBRARY OF CONGRESS CALL NUMBER
Classification number DF574
Item number .C73 2013
100 ## - MAIN ENTRY--PERSONAL NAME
Personal name Crawford, Peter,
245 ## - TITLE STATEMENT
Title The war of the three gods :
Remainder of title Romans, Persians and the rise of Islam /
Statement of responsibility, etc Peter Crawford
260 ## - PUBLICATION, DISTRIBUTION, ETC. (IMPRINT)
Place of publication, distribution, etc Barnsley, South Yorkshire :
Name of publisher, distributor, etc Pen & Sword Military,
Date of publication, distribution, etc 2013.
300 ## - PHYSICAL DESCRIPTION
Extent xiv, 256 pages, 8 unnumbered pages of plates :
Other physical details illustrations (some color), maps ;
Dimensions 24cm.
500 ## - GENERAL NOTE
General note Includes bibliographical references (pages [239]-245) and index <br/>
520 ## - SUMMARY, ETC.
Summary, etc 'The War of the Three Gods' is a military history of the Near and Middle East in the seventh century, with heavy focus on the Eastern Roman Emperor Heraclius (AD 610-641). Peter Crawford skilfully narrates the three-way struggle between the Christian Roman, Zoroastrian Persian and Islamic Arab empires, a period peopled with fascinating characters, including Heraclius, Khusro II and the Prophet Muhammad himself. Many of the epic battles and sieges are described in as much detail as possible including Nineveh, Yarmuk, Qadisiyyah and Nahavand, Jerusalem and Constantinople <br/>
651 ## - SUBJECT ADDED ENTRY--GEOGRAPHIC NAME
Relator term Byzantine Empire
General subdivision History
Chronological subdivision Heraclius, 610-641
651 ## - SUBJECT ADDED ENTRY--GEOGRAPHIC NAME
Relator term Byzantine Empire
General subdivision History, Military
Chronological subdivision 527-1081
942 ## - ADDED ENTRY ELEMENTS (KOHA)
Source of classification or shelving scheme Library of Congress Classification
Item type Book
Holdings
Withdrawn status Lost status Source of classification or shelving scheme Damaged status Not for loan Collection code Home library Current library Shelving location Date acquired Source of acquisition Cost, normal purchase price Full call number Barcode Copy number Price effective from Koha item type
    Library of Congress Classification     Non-fiction Bishop Okullu Memorial Library (Limuru Campus) Bishop Okullu Memorial Library (Limuru Campus) General Circulation 24/06/2021 Donations TBN 2950.00 DF574 .C73 2013 065796 1 24/06/2021 Book